000 00639nam a22002297a 4500
999 _c534170
_d534170
003 NUST
005 20200206105554.0
008 170515b xxu||||| |||| 00| 0 eng d
038 _aMSOHAIL
040 _cNUST
082 _a891.4391
_bELI
100 _aElia, Jon
_9750
245 _aLekin
_cby Jon Elia
260 _aLahore:
_bAl-Hamad Publications,
_c2010
300 _a250 p.
500 _aPoetry
650 _aUrdu-Poetry
_9751
880 _aجون ایلیا
_6100-01\(3\r
880 _aلیکن
_6245-03\(3\r
_cجون ایلیا
880 _aلاہور:
_6260-03\(3\r
_bالحمد پبلی کیشن،
_c2010.
942 _2ddc
_cBK